[Event "Nova Gorica op"]
[Site "Nova Gorica"]
[Date "1998.??.??"]
[Round "4"]
[White "Sermek, Drazen"]
[Black "Fercec, Nenad"]
[Result "1/2-1/2"]
[WhiteElo "2510"]
[BlackElo "2455"]

1.e4 c5 2.c3 Nf6 3.e5 Nd5 4.Nf3 e6 5.Bc4 Nc7 6.d4 Nc6 7.O-O d6 8.Qe2 cxd4
9.cxd4 Be7 10.Nc3 O-O 11.Bf4 dxe5 12.dxe5 Nd4 13.Qe4 Nxf3+ 14.Qxf3 Bg5 15.Rad1 Qe7
16.Ne4 Bxf4 17.Qxf4 Kh8 18.Nf6 Ne8 19.Nxe8 Rxe8 20.Rd3 Bd7 21.Rh3 f5 22.exf6 gxf6
23.Rh6 f5 24.Re1 e5 25.Qd2 Rad8 26.Rd6 Bc6 27.Rxd8 Rxd8 28.Qc3 Qg7 29.g3 e4
30.Qa5  1/2-1/2

[Event "Nova Gorica op"]
[Site "Nova Gorica"]
[Date "1998.??.??"]
[Round "5"]
[White "Pavasovic, Dusko"]
[Black "Grosar, Aljosa"]
[Result "1/2-1/2"]
[WhiteElo "2505"]
[BlackElo "2470"]

1.e4 c5 2.c3 Nf6 3.e5 Nd5 4.Nf3 Nc6 5.Bc4 Nb6 6.Bb3 d6 7.exd6 e5 8.d4 c4
9.Ba4 exd4 10.Qe2+ Be6 11.Bxc6+ bxc6 12.Nxd4 Qxd6 13.O-O Be7 14.a4 O-O 15.a5 Nd5
16.Nxe6 fxe6 17.Na3 Rae8 18.Nxc4 Qd7 19.Be3 Rf5 20.Rae1 Bd8 21.Bd2 Bc7 22.g3 h5
23.f4 Qf7 24.Ne5 Bxe5 25.fxe5 Rd8 26.Qd3 Rxf1+ 27.Rxf1 Qc7 28.Qe2 Qxa5 29.Qf3 Qc5+
30.Kg2 Rf8 31.Qxf8+ Qxf8 32.Rxf8+ Kxf8 33.Kf3 Kf7 34.Ke4 Nb6 35.b3 Nd7 36.b4 Kg6
37.h4 Kf7 38.Kd4 Ke8 39.Be3 a6 40.Bf4 Kd8 41.Bg5+ Ke8 42.Bd2 Kd8 43.Bg5+ Ke8  1/2-1/2

[Event "Nova Gorica op"]
[Site "Nova Gorica"]
[Date "1998.??.??"]
[Round "6"]
[White "Sermek, Drazen"]
[Black "Pavasovic, Dusko"]
[Result "1/2-1/2"]
[WhiteElo "2510"]
[BlackElo "2505"]

1.e4 c5 2.c3 Nf6 3.e5 Nd5 4.Nf3 e6 5.d4 cxd4 6.cxd4 b6 7.Bd3 Bb7 8.O-O Nb4
9.Be2 Be7 10.Nc3 O-O 11.a3 Nd5 12.Ne4 f5 13.exf6 Nxf6 14.Nc3 Na6 15.d5 exd5
16.Nxd5 Bxd5 17.Bxa6 Qc7 18.Bg5 Bc6 19.Rc1 Rae8 20.h3 Bd6 21.Bxf6 Rxf6 22.Bc4+ Kh8
23.Ng5 Ref8 24.Qh5 h6 25.Nf7+ Kh7 26.Ng5+  1/2-1/2

[Event "Nova Gorica op"]
[Site "Nova Gorica"]
[Date "1998.??.??"]
[Round "6"]
[White "Sveshnikov, Evgeny"]
[Black "Fercec, Nenad"]
[Result "0-1"]
[WhiteElo "2595"]
[BlackElo "2455"]

1.e4 c5 2.c3 Nf6 3.e5 Nd5 4.Nf3 e6 5.Bc4 Nb6 6.Be2 Nc6 7.d4 d6 8.dxc5 dxc5
9.Qc2 Qc7 10.Bf4 f5 11.Na3 a6 12.Qd2 Bd7 13.O-O-O Be7 14.Ng5 Nd5 15.Nc4 O-O
16.Bf3 Nxf4 17.Qxf4 b5 18.Rxd7 Qxd7 19.Rd1 Bxg5 20.Qxg5 Qc7 21.Na5 Nxa5 22.Bxa8 Rxa8
23.Rd6 Re8 24.f4 Nc4 25.Rd3 Qe7 26.Qxe7 Rxe7 27.Rd8+ Kf7 28.Rc8 Ne3 29.Rxc5 Nxg2  0-1

[Event "Nova Gorica op"]
[Site "Nova Gorica"]
[Date "1998.??.??"]
[Round "7"]
[White "Pavasovic, Dusko"]
[Black "Kutuzovic, Branko"]
[Result "1-0"]
[WhiteElo "2505"]
[BlackElo "2425"]

1.e4 c5 2.c3 Nf6 3.e5 Nd5 4.Nf3 e6 5.Bc4 d6 6.d4 cxd4 7.cxd4 Nb6 8.Bb3 dxe5
9.Nxe5 Nc6 10.Nxc6 bxc6 11.O-O Be7 12.Nc3 O-O 13.Re1 c5 14.dxc5 Qxd1 15.Bxd1 Bxc5
16.Bf3 Nd5 17.Nxd5 exd5 18.Bxd5 Rb8 19.Bb3 Be6 20.Be3 Bxe3 21.Rxe3 Bxb3 22.Rxb3 g6
23.Rxb8 Rxb8 24.Rb1 a5 25.Kf1 Rc8 26.a4 Rc2 27.b3 Kg7 28.Re1 Rb2 29.Re3 Rb1+
30.Ke2 Rb2+ 31.Kf3 f5 32.h4 h6 33.Re7+ Kf6 34.Rb7 g5 35.Rb6+ Ke5 36.h5 g4+
37.Kg3 f4+ 38.Kxg4 Rxf2 39.Kh3 f3 40.gxf3 Rxf3+ 41.Kg2 Rc3 42.Rxh6 Rxb3 43.Ra6 Rb2+
44.Kg3 Rb3+ 45.Kg4 Rb4+ 46.Kg3 Rxa4 47.h6 Ra1 48.h7 Rg1+ 49.Kh2  1-0

[Event "Nyirsegi Torna op"]
[Site "Nyirsegi Torna"]
[Date "1998.??.??"]
[Round "1"]
[White "Lazar, Janos"]
[Black "Varga, Peter"]
[Result "0-1"]
[WhiteElo "2225"]
[BlackElo "2445"]

1.e4 c5 2.c3 Nf6 3.e5 Nd5 4.d4 cxd4 5.Qxd4 e6 6.Nf3 Nc6 7.Qe4 Nde7 8.Na3 Ng6
9.Nb5 f5 10.exf6 gxf6 11.Bd3 d5 12.Qg4 Kf7 13.Qh5 Bg7 14.g4 e5 15.Nh4 a6
16.Nxg6 hxg6 17.Qxg6+ Kf8 18.Be2 e4 19.Be3 axb5 20.g5 Ne5  0-1

[Event "RUS-Cup"]
[Site "Omsk/Perm"]
[Date "1998.??.??"]
[Round "2"]
[White "Zakharov, Alexander S"]
[Black "Sherbakov, Ruslan"]
[Result "0-1"]
[WhiteElo "2360"]
[BlackElo "2555"]

1.e4 c5 2.c3 Nf6 3.e5 Nd5 4.d4 cxd4 5.Nf3 Nc6 6.Bc4 Nb6 7.Bb3 d5 8.exd6 Qxd6
9.O-O Be6 10.Bxe6 Qxe6 11.Nxd4 Nxd4 12.Qxd4 Rd8 13.Qh4 Qe2 14.Be3 Qxb2 15.Nd2 Rxd2
16.Rab1 Qxc3 17.Bxd2 Qxd2 18.Qh5 e6 19.Rfd1 Qf4 20.Qb5+ Ke7 21.Qa5 Qb8 22.Qb4+ Kf6
23.f4 h6 24.Qb2+ Kg6 25.Qd4 Kh7 26.a4 g6 27.Rb3 Bg7  0-1

[Event "Wch U14 Girls"]
[Site "Oropesa del Mar"]
[Date "1998.??.??"]
[Round "4"]
[White "Kosintseva, Nadezhda"]
[Black "Gara, Ticia"]
[Result "1/2-1/2"]
[WhiteElo "2135"]
[BlackElo "2245"]

1.e4 c5 2.c3 Nf6 3.e5 Nd5 4.d4 cxd4 5.Nf3 Nc6 6.cxd4 d6 7.Bc4 Nb6 8.Bb3 dxe5
9.d5 Na5 10.Nc3 Nxb3 11.Qxb3 e6 12.Nxe5 exd5 13.Be3 Bd6 14.Qb5+ Bd7 15.Nxd7 Nxd7
16.Qxd5 Qe7 17.O-O  1/2-1/2

[Event "NOR-ch"]
[Site "Oslo"]
[Date "1998.??.??"]
[Round "6"]
[White "Fossan, Erik"]
[Black "Trygstad, Kristian"]
[Result "1-0"]
[WhiteElo "2395"]
[BlackElo "2205"]

1.e4 c5 2.c3 Nf6 3.e5 Nd5 4.d4 cxd4 5.Nf3 e6 6.cxd4 d6 7.Bd3 Nd7 8.O-O dxe5
9.dxe5 g6 10.Be4 Ne7 11.Bf4 Bg7 12.Nbd2 O-O 13.Rc1 f5 14.exf6 Nxf6 15.Be5 Ned5
16.Bb1 Qe7 17.Ne4 Rd8 18.Qe2 Bd7 19.Nc5 Bc6 20.Nd4 Nh5 21.Nxc6 bxc6 22.Bxg7 Nxg7
23.Rfe1 Nf4 24.Qe5 Qf7 25.Ne4 Ngh5 26.Rxc6 Ne2+ 27.Kf1 Nef4 28.Rc7 Rd7 29.Rxd7 Qxd7
30.g3 Nd5 31.Kg1 Rf8 32.Nc5 Qf7 33.Qxe6 Qxe6 34.Nxe6 Rc8 35.b3 Nc3 36.Bd3 Ng7
37.Nxg7  1-0

[Event "HUN-ch U16"]
[Site "Paks"]
[Date "1998.??.??"]
[Round "2"]
[White "Muhari, Istvan"]
[Black "Szeberenyi, Adam"]
[Result "0-1"]
[WhiteElo "2215"]
[BlackElo "2220"]

1.e4 c5 2.c3 Nf6 3.e5 Nd5 4.d4 cxd4 5.cxd4 Nc6 6.Nf3 d6 7.Bc4 e6 8.Bxd5 exd5
9.h3 Be7 10.O-O O-O 11.Bf4 dxe5 12.dxe5 d4 13.a3 Qb6 14.b4 a5 15.b5 Qxb5
16.Nxd4 Nxd4 17.Qxd4 Rd8 18.Qe3 Bc5 19.Qg3 Rd3 20.Qh4 Bf5 21.Nd2 Rxa3 22.Rxa3 Bxa3
23.Nf3 Qd7 24.Qg3 Bf8 25.Nh4 a4 26.Bc1 a3 27.Qg5 Bc2 28.f4 Qd4+ 29.Kh2 a2
30.Nf3 Qb6 31.f5 a1=Q 32.Be3 Qxe3  0-1

[Event "HUN-ch U20"]
[Site "Paks"]
[Date "1998.??.??"]
[Round "3"]
[White "Tamas, Norbert"]
[Black "Csonka, Attila"]
[Result "1-0"]
[WhiteElo "2245"]
[BlackElo "2100"]

1.e4 c5 2.c3 Nf6 3.e5 Nd5 4.d4 cxd4 5.Nf3 e6 6.cxd4 d6 7.a3 Bd7 8.b4 a6 9.Be2 Bc6
10.O-O Nd7 11.Bb2 dxe5 12.dxe5 g6 13.Qd4 Bg7 14.Nbd2 O-O 15.Rac1 f5 16.Nb3 Bh6
17.Rce1 Rc8 18.Bc1 Bg7 19.Na5 Qc7 20.Nxc6 Qxc6 21.Bb2 h6 22.Rc1 Qb6 23.Bc4 Qxd4
24.Bxd4 Rfe8 25.h4 Nb8 26.Rfd1 Nc6 27.Bb2 Nce7 28.Ne1 b5 29.Bb3 Rxc1 30.Rxc1 Rc8
31.Rd1 Kf7 32.Nd3 Rc6 33.Nc5 a5 34.Nb7 axb4 35.Nd8+ Ke8 36.Nxc6 Nxc6 37.a4 bxa4
38.Bxa4 Kd7 39.Rxd5+ exd5 40.e6+ Kxe6 41.Bxg7 Na5 42.Kf1 Nc4 43.Ke2 h5 44.Bf8 d4
45.Bb3  1-0

[Event "HUN-ch U16"]
[Site "Paks"]
[Date "1998.??.??"]
[Round "4"]
[White "Muhari, Istvan"]
[Black "Bokros, Albert"]
[Result "1/2-1/2"]
[WhiteElo "2215"]
[BlackElo "2365"]

1.e4 c5 2.c3 Nf6 3.e5 Nd5 4.g3 Nc6 5.Bg2 Nb6 6.Nf3 g6 7.O-O Bg7 8.Re1 d6
9.exd6 Qxd6 10.Na3 a6 11.Ng5 e6 12.Ne4 Qe7 13.d3 O-O 14.Be3 Nd7 15.Qd2 e5
16.f4 f5 17.Ng5 Nf6 18.fxe5 Ng4 19.Bd5+ Kh8 20.Bf4 h6 21.h3 hxg5 22.Bxg5 Qd7
23.Bxc6 Qxc6 24.hxg4 fxg4 25.Nc4 Be6 26.Bh6 Rf3 27.Bxg7+ Kxg7 28.Re3 Bxc4
29.dxc4 Rh8 30.Rxf3 gxf3 31.Qd5 g5 32.Qxc6 bxc6 33.g4 Kf7 34.Kf2 Rh3 35.Rd1 Ke6
36.Rd3 Rh2+ 37.Kxf3 Kxe5 38.Rd8 Rxb2 39.Re8+ Kd6 40.Rg8 Rc2 41.Rg6+ Kd7 42.Rxg5 Rxc3+
43.Ke4 Rxc4+ 44.Kd3 Rd4+ 45.Kc3 Kc7 46.Rg8 Ra4 47.Kb3 Rf4 48.g5 Rg4 49.g6 Kb6
50.g7 c4+ 51.Kb4 a5+ 52.Kc3 Kc5 53.Kc2 Rg3 54.a4 Rg6 55.Kd2 Rg4 56.Kc2 Rg3
57.Kb2 Rb3+ 58.Kc2 Rb7 59.Kc3 Ra7 60.Rh8 Rxg7 61.Rh5+ Kb6 62.Kxc4 Rg3 63.Rh8 Ra3
64.Rb8+ Ka7 65.Rb2 Ka6 66.Kc5 Rc3+ 67.Kd6 Rc4 68.Kc7 Rb4 69.Ra2 Rb6 70.Rc2 c5
71.Rxc5 Rb4 72.Rc2 Rxa4 73.Kc6 Rh4  1/2-1/2

[Event "HUN-ch U20"]
[Site "Paks"]
[Date "1998.??.??"]
[Round "6"]
[White "Kun, Gabor"]
[Black "Turzo, Attila"]
[Result "1/2-1/2"]
[WhiteElo "2220"]
[BlackElo "2415"]

1.e4 c5 2.c3 Nf6 3.e5 Nd5 4.d4 cxd4 5.Nf3 Nc6 6.cxd4 d6 7.Bc4 dxe5 8.dxe5 Ndb4
9.O-O Qxd1 10.Rxd1 Bg4 11.Nc3 Bxf3 12.gxf3 Nxe5 13.Nd5 O-O-O 14.Bf4 Nxc4
15.Nxb4 Nd6 16.Rac1+ Kb8 17.Bxd6+ Rxd6 18.Rxd6 exd6 19.Re1 g5 20.Re8+ Kc7
21.b3 a5 22.Nc2 Bg7 23.Re7+ Kc6 24.Rxf7 Be5 25.Ne3 b6 26.h3 h6 27.Kf1 a4
28.Ra7 axb3 29.axb3 d5 30.Ke2 h5 31.Re7 Ba1 32.Re6+ Kc5 33.b4+ Kxb4 34.Rxb6+ Kc5
35.Rg6 d4 36.Rxg5+ Kd6 37.Nf5+ Ke6 38.Ng3  1/2-1/2

[Event "Pardubice Czech op"]
[Site "Pardubice"]
[Date "1998.??.??"]
[Round "1"]
[White "Zambor, Norbert"]
[Black "Stocek, Jiri"]
[Result "1/2-1/2"]
[WhiteElo "2235"]
[BlackElo "2450"]

1.e4 c5 2.c3 Nf6 3.e5 Nd5 4.d4 cxd4 5.Nf3 d6 6.cxd4 Nc6 7.Bc4 Nb6 8.Bb3 dxe5
9.d5 Na5 10.Nc3 Nxb3 11.Qxb3 e6 12.Nxe5 Nxd5 13.Qb5+ Bd7 14.Qxb7 Bb4 15.Nxd7 Qc8
16.Nc5 Qxb7 17.Nxb7 Rb8 18.Nd6+ Bxd6 19.Nxd5 exd5 20.O-O O-O 21.Rd1 Rfd8
22.Be3 a6 23.b3 Be5 24.Bd4 f6 25.Rac1 Rbc8 26.Rxc8 Rxc8 27.Kf1  1/2-1/2

[Event "Pardubice Czech op"]
[Site "Pardubice"]
[Date "1998.??.??"]
[Round "3"]
[White "Afek, Yochanan"]
[Black "Timoshchenko, Gennadi A"]
[Result "0-1"]
[WhiteElo "2390"]
[BlackElo "2520"]

1.e4 c5 2.c3 Nf6 3.e5 Nd5 4.Nf3 e6 5.c4 Ne7 6.d4 cxd4 7.Qxd4 Nbc6 8.Qe4 Ng6
9.Nc3 Qa5 10.Bd2 Ncxe5 11.Nxe5 Qxe5 12.Qxe5 Nxe5 13.Nb5 Kd8 14.Bc3 f6 15.O-O-O b6
16.Be2 Bb7 17.Nd6 Bxd6 18.Rxd6 Kc7 19.Rhd1 Rad8 20.f4 Ng6 21.g3 Ne7 22.R6d3 Be4
23.Re3 d5 24.Bg4 f5 25.Be2 Rhg8 26.c5 Nc6 27.cxb6+ axb6 28.Bd4 Nxd4 29.Rxd4 g5
30.Rc3+ Kb7 31.Kd2 Rc8 32.Ke3 h6 33.Ra4 Rxc3+ 34.bxc3 Rg7 35.Bb5 gxf4+ 36.Kxf4 Rc7
37.Ra3 Rc5 38.Bd7 e5+ 39.Ke3 Ra5 40.Rxa5 bxa5 41.g4 f4+ 42.Kd2 Kc7 43.Be8 Bf3
44.h3 e4 45.Bf7 Kd6 46.Bg8 Ke5 47.Bf7 e3+  0-1

[Event "Paris op"]
[Site "Paris"]
[Date "1998.??.??"]
[Round "4"]
[White "Marcelin, Cyril"]
[Black "Shneider, Aleksandr"]
[Result "1/2-1/2"]
[WhiteElo "2345"]
[BlackElo "2540"]

1.e4 c5 2.c3 Nf6 3.e5 Nd5 4.d4 cxd4 5.Nf3 Nc6 6.Bc4 Nb6 7.Bb3 d5 8.exd6 Qxd6
9.O-O Be6 10.Na3 Bxb3 11.Qxb3 Qd5 12.Nb5 Rc8 13.Re1 e6 14.Nfxd4 Nxd4 15.Nxd4 Be7
16.Be3 Nc4 17.Rad1 Nxe3 18.Rxe3 Qxb3 19.axb3 O-O 20.Red3 Rfd8 21.Kf1 Kf8
22.Ke2 g6 23.b4 e5 24.Nb5 Rxd3 25.Rxd3 a6 26.Nd6 Rc7 27.g4 f6 28.f3 b6 29.h3 Rc6
30.Ne4 Rc7 31.Nd6  1/2-1/2

[Event "Paris op"]
[Site "Paris"]
[Date "1998.??.??"]
[Round "7"]
[White "Appendino, Jerome"]
[Black "Nikcevic, Nebojsa"]
[Result "0-1"]
[WhiteElo "2130"]
[BlackElo "2480"]

1.e4 c5 2.c3 Nf6 3.e5 Nd5 4.d4 cxd4 5.Bc4 Qc7 6.Qe2 Nb6 7.Bd3 Nc6 8.Nf3 Nb4
9.O-O Nxd3 10.Qxd3 Qc4 11.Qxc4 Nxc4 12.cxd4 f6 13.Nc3 e6 14.Nb5 Kd8 15.b3 Nb6
16.Bd2 Nd5 17.Rac1 b6 18.Nc3 Ba3 19.Nxd5 Bxc1 20.Bxc1 exd5 21.Ba3 Ba6 22.Re1 Re8
23.Nh4 Bd3 24.g3 Rc8 25.Bd6 f5 26.f3 Rc2 27.a4 Rb2 28.Rc1 Rb1 29.Rxb1 Bxb1
30.b4 Kc8 31.Ng2 Kb7 32.a5 g6 33.axb6 axb6 34.Ne3 Ba2 35.g4 f4 36.Ng2 g5
37.h4 h6 38.hxg5 hxg5 39.Ne1 Kc6 40.Nd3 Kb5 41.Nb2 Rc8  0-1

[Event "Paris op"]
[Site "Paris"]
[Date "1998.??.??"]
[Round "8"]
[White "Marcelin, Cyril"]
[Black "Kapetanovic, Armin"]
[Result "1-0"]
[WhiteElo "2345"]
[BlackElo "2465"]

1.e4 c5 2.c3 Nf6 3.e5 Nd5 4.d4 e6 5.Nf3 cxd4 6.cxd4 b6 7.Nc3 Nxc3 8.bxc3 Qc7
9.Bd2 d6 10.Bb5+ Bd7 11.a4 Nc6 12.O-O dxe5 13.d5 exd5 14.Bxc6 Bxc6 15.Nxe5 Bd6
16.Nxc6 Qxc6 17.Re1+ Kf8 18.Qf3 h6 19.c4 Qxc4 20.Rac1 Qxa4 21.Qxd5 Rd8 22.Qxd6+  1-0

[Event "Paris op"]
[Site "Paris"]
[Date "1998.??.??"]
[Round "8"]
[White "Stevic, Hrvoje"]
[Black "Shneider, Aleksandr"]
[Result "1/2-1/2"]
[WhiteElo "2465"]
[BlackElo "2540"]

1.e4 c5 2.c3 Nf6 3.e5 Nd5 4.g3 Nc6 5.Bg2 Qc7 6.f4 e6 7.Qe2 Be7 8.Nf3 O-O
9.O-O d6 10.d3 b5 11.Nbd2 dxe5 12.Nxe5 Nxe5 13.fxe5 Bb7 14.Be4 Rad8 15.Nf3 Nb6
16.Ng5 Bxe4 17.Qxe4 Bxg5 18.Bxg5 Rd5 19.Rae1 Kh8 20.Qh4 Rxd3 21.Be7 Rg8 22.Rxf7 Nc8
23.Ref1 Nxe7 24.Qxe7 Qxe5 25.Rf8 Qe3+ 26.Kh1 Qe4+ 27.Kg1 Qe3+ 28.Kh1  1/2-1/2

[Event "Plzen opJ"]
[Site "Plzen"]
[Date "1998.??.??"]
[Round "7"]
[White "Mihajlovskij, Sergei"]
[Black "Teterev, Vitalij"]
[Result "1-0"]
[WhiteElo "2310"]
[BlackElo "2040"]

1.e4 c5 2.c3 Nf6 3.e5 Nd5 4.d4 cxd4 5.Nf3 Nc6 6.Bc4 Nb6 7.Bb3 g6 8.O-O Bg7
9.cxd4 O-O 10.Bf4 d6 11.exd6 exd6 12.h3 Na5 13.Nc3 Bf5 14.Nb5 Nxb3 15.axb3 Nc8
16.Rc1 Be4 17.Re1 Bc6 18.Nc3 d5 19.b4 Nd6 20.Qb3 Nb5 21.Nxb5 Bxb5 22.Rc7 b6
23.Rec1 Bc4 24.Qa4 a6 25.Qc6 b5 26.Be5 Qe8 27.Qb7 Qe6 28.Bxg7 Rfb8 29.Ng5 Qf5
30.Nxf7  1-0

[Event "Mitropa Cup"]
[Site "Portoroz"]
[Date "1998.??.??"]
[Round "1"]
[White "Neubauer, Martin"]
[Black "Tratar, Marko"]
[Result "0-1"]
[WhiteElo "2305"]
[BlackElo "2450"]

1.e4 c5 2.c3 Nf6 3.e5 Nd5 4.d4 cxd4 5.Nf3 Nc6 6.cxd4 d6 7.Bc4 Nb6 8.Bb3 dxe5
9.d5 Na5 10.Nc3 Nxb3 11.Qxb3 e6 12.Nxe5 Bd6 13.Qb5+ Kf8 14.dxe6 Bxe6 15.Bf4 Nc4
16.O-O-O Qc7 17.Rxd6 Nxd6 18.Qb4 Qb6 19.Nd7+ Bxd7 20.Bxd6+ Kg8 21.Qf4 h5
22.Kb1 Rh6 23.Be5 Qg6+ 24.Ka1 Bc6 25.Rg1 Qg4 26.Qe3 Re6 27.h3 Qf5 28.f4 h4
29.Qf2 Qh5 30.Bd4 a6 31.f5 Rd6 32.g4 Qg5 33.Be3 Qd8 34.g5 Rd3 35.Bb6 Qd7
36.g6 Rxh3 37.gxf7+ Qxf7 38.Bd4 Rh1 39.Rxh1 Bxh1 40.Qxh4 Bc6 41.f6 gxf6 42.Bxf6 Qg6
43.Qg5 Kf7 44.Qxg6+ Kxg6 45.Bd4 Kf5 46.Bb6 Rh8 47.a4 Rh4 48.a5 Kf4 49.Kb1 Kf3
50.Kc2 Ba4+ 51.Kd3 Bb3 52.Nb1 Bc4+ 53.Kd2 Rh2+ 54.Kc3 Bd5 55.Bd4 Rh4 56.Na3 Ke2
57.Bf6 Rf4 58.Be5 Re4 59.Bd4 Rg4 60.Be5 Be6 61.Kc2 Re4 62.Bf6 Re3 63.Bc3 Rh3
64.b3 Bf5+ 65.Kb2 Kd3 66.Be5 Re3 67.Nc4 Re2+ 68.Ka3 Be6 69.Nb2+ Kc2 70.Bf6 Re3  0-1

[Event "Pula op"]
[Site "Pula"]
[Date "1998.??.??"]
[Round "1"]
[White "Dubois, Martine"]
[Black "Sale, Srdjan"]
[Result "0-1"]
[WhiteElo "2030"]
[BlackElo "2415"]

1.e4 c5 2.c3 Nf6 3.e5 Nd5 4.d4 cxd4 5.Nf3 d6 6.cxd4 Nc6 7.Bc4 e6 8.O-O Be7
9.Qe2 O-O 10.Nc3 Nxc3 11.bxc3 dxe5 12.dxe5 Qa5 13.Rb1 Rd8 14.Re1 a6 15.Qc2 b5
16.Bd3 h6 17.Bf4 Ra7 18.Re4 Rad7 19.Be2 Bb7 20.a4 Na7 21.Rd4 Bc5 22.Rxd7 Rxd7
23.axb5 Nxb5 24.Bxb5 axb5 25.Nd2 Qa4 26.Qxa4 bxa4 27.Kf1 g5 28.Be3 Bxe3 29.fxe3 Rxd2
30.Rxb7 a3  0-1

[Event "CRO-Cup"]
[Site "Pula"]
[Date "1998.??.??"]
[Round "2"]
[White "Kapic, Ibrahim"]
[Black "Grosar, Aljosa"]
[Result "0-1"]
[WhiteElo "2275"]
[BlackElo "2470"]

1.e4 c5 2.c3 Nf6 3.e5 Nd5 4.d4 cxd4 5.Qxd4 e6 6.Nf3 Nc6 7.Qe4 d6 8.exd6 Bxd6
9.Nbd2 O-O 10.Nc4 Be7 11.Bd2 Qc7 12.O-O-O b5 13.Ne3 Nf6 14.Qc2 a6 15.Ng5 Bb7
16.h4 Rfd8 17.Ng4 h6 18.Nxf6+ Bxf6 19.Qh7+ Kf8 20.Ne4 Be5 21.f4 Bxf4 22.Qh8+ Ke7
23.Qxg7 Qe5 24.Qxe5 Bxd2+ 25.Rxd2 Nxe5 26.Rxd8 Rxd8 27.Nc5 Bc8 28.Be2 Rg8
29.Rg1 f5 30.Bh5 Kd6 31.b4 Rg3 32.Kc2 Ke7 33.Kb3 Nc4 34.a4 e5 35.axb5 axb5
36.Be2 Nd6 37.Re1 Be6+ 38.Nxe6 Kxe6 39.Bf1 Ne4 40.Bxb5 Nxc3 41.Bc6 Kd6 42.Bb7 Nb5+
43.Ka4 Nd4 44.Rc1 Rg7 45.Ba6 Rxg2 46.b5 f4 47.Ka3 Rc2 48.Rg1 Kc5 49.Re1 Rc3+
50.Ka4 Re3 51.Rb1 Kb6 52.Bc8 Re2 53.Ka3 Nxb5+ 54.Kb4 Re4+ 55.Kb3 Nd6 56.Bg4 Kc5
57.Kc3 Re3+ 58.Kd2 Rg3 59.Be6 Rg2+ 60.Kc3 e4 61.Rd1 Nb5+  0-1

[Event "Pula op"]
[Site "Pula"]
[Date "1998.??.??"]
[Round "4"]
[White "Waldmann, Gerald"]
[Black "Radocaj, Denis"]
[Result "0-1"]
[WhiteElo "2175"]
[BlackElo "2380"]

1.e4 c5 2.c3 Nf6 3.e5 Nd5 4.d4 cxd4 5.Nf3 Nc6 6.Bc4 e6 7.O-O d6 8.cxd4 Be7
9.Qe2 O-O 10.Rd1 Na5 11.Bd3 Nb4 12.Nc3 Nxd3 13.Qxd3 d5 14.b3 Bd7 15.Bb2 Rc8
16.Rac1 Qb6 17.Ne2 Bb5 18.Qe3 Bxe2 19.Qxe2 Nc6 20.Bc3 Rc7 21.Rc2 Rfc8 22.Qd3 h6
23.Rdd2 Qa6 24.Qxa6 bxa6 25.Kf1 Nxe5 26.dxe5 Rxc3 27.Rxc3 Rxc3 28.Ke2 f6
29.Kd1 Kf7 30.Rc2 Rxc2 31.Kxc2 Bc5 32.b4 Bxf2 33.Kb3 g5 34.h3 h5 35.exf6 Kxf6  0-1

[Event "Pula op"]
[Site "Pula"]
[Date "1998.??.??"]
[Round "4"]
[White "Novak, Danijel"]
[Black "Fercec, Nenad"]
[Result "0-1"]
[WhiteElo "2340"]
[BlackElo "2455"]

1.e4 c5 2.c3 Nf6 3.e5 Nd5 4.Nf3 Nc6 5.Bc4 e6 6.O-O d6 7.d4 cxd4 8.cxd4 Be7
9.Qe2 O-O 10.Nc3 dxe5 11.dxe5 Nxc3 12.bxc3 b6 13.Qe4 Qc7 14.Bd3 g6 15.Re1 Rd8
16.Bc2 Bb7 17.Qg4 Nb4 18.Bxg6 hxg6 19.cxb4 Qc3 20.Be3 Qxb4 21.Qg3 Rd3 22.Ng5 Kg7
23.Red1 Rxd1+ 24.Rxd1 Rd8 25.Rc1 Rc8 26.Rd1 Qa4 27.Re1 Rc4 28.h3 Qxa2 29.Kh2 Bd5
30.Rc1 Qa4 31.Rxc4 Qxc4 32.Bf4 Kf8 33.Nh7+ Ke8 34.Bg5 a5 35.Bxe7 Kxe7 36.Qe3 Qb4
37.Nf6 Kd8 38.Qg5 Kc7 39.Ne8+ Kb7 40.Qd8 Qf4+ 41.Kg1 Qc1+ 42.Kh2 Qc6 43.Qe7+ Kb8
44.Qd8+ Ka7 45.Qe7+ Qb7 46.Nc7 Bc6 47.Qd6 b5 48.Qc5+ Kb8  0-1

[Event "CRO-Cup"]
[Site "Pula"]
[Date "1998.??.??"]
[Round "4"]
[White "Stevic, Hrvoje"]
[Black "Vujakovic, Branko"]
[Result "1-0"]
[WhiteElo "2455"]
[BlackElo "2390"]

1.e4 c5 2.c3 Nf6 3.e5 Nd5 4.g3 Nc6 5.Bg2 e6 6.Qe2 Be7 7.f4 d6 8.Nf3 O-O 9.O-O b6
10.Na3 a6 11.Nc4 b5 12.Nxd6 Bxd6 13.exd6 Qxd6 14.d3 Bb7 15.Ng5 Nf6 16.Be3 Na5
17.Ne4 Nxe4 18.dxe4 Qe7 19.Qf2 Rfc8 20.b3 f5 21.Qc2 Bc6 22.Rfe1 Qf8 23.Rad1 Nb7
24.exf5 Qxf5 25.Qxf5 exf5 26.Rd5 g6 27.Red1 Rc7 28.Re5 Bxg2 29.Kxg2 Kf7 30.Kf3 Re8
31.Red5 Ree7 32.h3 Ke8 33.g4 fxg4+ 34.hxg4 Rcd7 35.f5 gxf5 36.gxf5 Rxd5 37.Rxd5 Rd7
38.Ke4 Nd6+ 39.Kf4 Nb7 40.Re5+ Re7 41.Re6 Rxe6 42.fxe6 h5 43.Bf2 Nd8 44.Ke5 c4
45.bxc4 bxc4 46.Kd5 Ke7 47.Bh4+ Ke8 48.Bg5 Nb7 49.a3 Nd8 50.a4 Nb7 51.Kxc4 Nd6+
52.Kd5 Nf5 53.c4 h4 54.c5 h3 55.Bf4 Ne3+ 56.Ke4 Nc4 57.Kd4 Na5 58.Kd5  1-0

[Event "CRO-Cup"]
[Site "Pula"]
[Date "1998.??.??"]
[Round "5"]
[White "Orak, Ljubomir"]
[Black "Grosar, Aljosa"]
[Result "0-1"]
[WhiteElo "2345"]
[BlackElo "2470"]

1.e4 c5 2.c3 Nf6 3.e5 Nd5 4.Nf3 Nc6 5.d4 cxd4 6.cxd4 d6 7.Nc3 dxe5 8.dxe5 Nxc3
9.Qxd8+ Nxd8 10.bxc3 g6 11.Nd4 Bg7 12.f4 Bd7 13.Ba3 Rc8 14.Kd2 g5 15.Bd3 gxf4
16.Rae1 Nc6 17.Nxc6 Rxc6 18.Kc2 Re6 19.Re4 Rxe5 20.Rxf4 O-O 21.Rhf1 Rc8 22.Rc4 Rxc4
23.Bxc4 Bf5+ 24.Kb3 Bf6 25.Rd1 b5 26.Bf1 Be6+ 27.Kb4 a6 28.Ka5 Bc4 29.Kxa6 Re6+
30.Ka5 Bxc3+ 31.Bb4 Bxb4+ 32.Kxb4 Bxf1 33.Rxf1 Re2 34.a3 Rb2+ 35.Kc5 f6 36.Rf3 Kf7
37.g4 Kg6 38.h3 h5 39.gxh5+ Kxh5 40.Re3 e5 41.Kd5 Rf2 42.Rb3 Kg5 43.Rxb5 Rf3
44.h4+ Kxh4 45.a4 Kg4 46.a5 Ra3 47.Ke6 e4 48.Kxf6 e3 49.Ke6 e2 50.Re5 Kf3
51.Rf5+ Kg2 52.Re5 Kf2  0-1

[Event "CRO-Cup"]
[Site "Pula"]
[Date "1998.??.??"]
[Round "5"]
[White "Podobnik, Marijan"]
[Black "Koznjak, Miroslav"]
[Result "1-0"]
[WhiteElo "2310"]
[BlackElo "2235"]

1.e4 c5 2.c3 Nf6 3.e5 Nd5 4.d4 Nc6 5.Nf3 d6 6.Bc4 e6 7.O-O Be7 8.Qe2 O-O
9.Qe4 cxd4 10.cxd4 dxe5 11.dxe5 Na5 12.Bd3 g6 13.Bh6 Re8 14.Nbd2 b6 15.Bb5 Bd7
16.Nd4 a6 17.Be2 Bc8 18.Bf3 Bg5 19.Bxg5 Qxg5 20.Rfd1 Bb7 21.h4 Qe7 22.Qg4 h5
23.Qg3 Red8 24.Ne4 Rac8 25.Bxh5 Nc6 26.Nxc6 Bxc6 27.Bf3 Kg7 28.Nd6 Rxd6 29.exd6 Qd7
30.h5 Rh8 31.hxg6 fxg6 32.Be4 Rh6 33.Rac1 Kh8 34.Bxd5  1-0

[Event "Radenci op"]
[Site "Radenci"]
[Date "1998.??.??"]
[Round "?"]
[White "Pavasovic, Dusko"]
[Black "Tratar, Marko"]
[Result "0-1"]
[WhiteElo "2505"]
[BlackElo "2420"]

1.e4 c5 2.c3 Nf6 3.e5 Nd5 4.Nf3 Nc6 5.Bc4 Nb6 6.Bb3 c4 7.Bc2 d6 8.exd6 Qxd6
9.O-O g6 10.b3 Bg7 11.Na3 cxb3 12.axb3 O-O 13.d4 Bg4 14.h3 Bxf3 15.Qxf3 e5
16.Nb5 Qd7 17.Ba3 Rfd8 18.dxe5 Nxe5 19.Qe2 a6 20.Nd6 Nd5 21.Qd2 Nc7 22.c4 Qxh3
23.f4 Qh6 24.Qe2 Nc6 25.Rad1 Ne6 26.Be4 Nxf4 27.Qe3 Nd4 28.Rfe1 Nfe6 29.Qxh6 Bxh6
30.Kf1 Bf8 31.c5 Nxb3 32.Bxb7 Nbxc5 33.Bxa8 Rxa8 34.Nc4 Nb3 35.Bxf8 Rxf8
36.Rd6 Nbc5 37.Ne5 a5 38.Nd7 Nxd7 39.Rxd7 Ra8 40.Ra1 a4 41.Rd5 Kf8 42.Re5 Kg7
43.Re4 Nc5 44.Rc4 Ra5 45.Ke2 h5 46.Ra3 f5 47.Ke3 Kf6 48.Kd4 Ne6+ 49.Kc3 Re5
50.Rcxa4 Kg5 51.Kd2 h4 52.Re3 Rd5+ 53.Ke2 Nf4+ 54.Kf3 Rd1 55.Ra2 Nd5 56.Rb3 Nf6
57.Ra6 Ng4 58.Rbb6 Rd2 59.Rxg6+ Kh5 60.Rxg4 fxg4+  0-1

[Event "Radenci op"]
[Site "Radenci"]
[Date "1998.??.??"]
[Round "?"]
[White "Sermek, Drazen"]
[Black "Kozul, Zdenko"]
[Result "1/2-1/2"]
[WhiteElo "2510"]
[BlackElo "2585"]

1.e4 c5 2.c3 Nf6 3.e5 Nd5 4.Nf3 Nc6 5.Bc4 e6 6.d4 cxd4 7.cxd4 d6 8.O-O Be7
9.Qe2 O-O 10.Re1 Bd7 11.Nc3 Nxc3 12.bxc3 dxe5 13.dxe5 Qa5 14.Rb1 Rab8 15.Bd3 Rfd8
16.Ng5 g6 17.Bf4 Qxc3 18.Rec1 Qa5 19.Nxh7 Nb4 20.Nf6+ Bxf6 21.exf6 Nxd3 22.Qxd3 e5
23.Bd2 Bf5 24.Bxa5 Bxd3 25.Rxb7 Rxb7 26.Bxd8 Rb1 27.Rxb1 Bxb1 28.a3 e4 29.h4 Bd3
30.Kh2 Be2 31.Be7 a6 32.Kg3 Bf1 33.Kh2 Be2 34.Kg3  1/2-1/2

[Event "Jirasek mem"]
[Site "Rakovnik"]
[Date "1998.??.??"]
[Round "1"]
[White "Vlacil, Vladimir"]
[Black "Kafka, Ladislav"]
[Result "1-0"]
[WhiteElo "1980"]
[BlackElo "1775"]

1.e4 c5 2.c3 Nf6 3.e5 Nd5 4.d4 cxd4 5.Nf3 Nc6 6.Be2 d6 7.exd6 Qxd6 8.Nxd4 Nxd4
9.Qxd4 e6 10.O-O Qc5 11.Qd1 Bd6 12.Nd2 Qc7 13.Bb5+ Kf8 14.h3 a6 15.Bd3 Nf4
16.Nc4 Nxd3 17.Qxd3 Be7 18.Be3 b5 19.Nb6 Rb8 20.Nxc8 Rxc8 21.Rad1 Rd8 22.Qe4 Bd6
23.Kh1 h6 24.Rd2 Ke7 25.Rfd1 f5 26.Qd4 Be5 27.Qc5+ Bd6 28.Rxd6 Qxd6 29.Rxd6  1-0

[Event "Regensburg op"]
[Site "Regensburg"]
[Date "1998.??.??"]
[Round "4"]
[White "Schmitz, Andreas"]
[Black "Handke, Florian"]
[Result "0-1"]
[WhiteElo "2115"]
[BlackElo "2260"]

1.e4 c5 2.c3 Nf6 3.e5 Nd5 4.d4 cxd4 5.cxd4 b6 6.f4 Ba6 7.Bxa6 Nxa6 8.Ne2 e6
9.O-O g6 10.Nbc3 Nac7 11.Bd2 Be7 12.Rf3 O-O 13.Nxd5 Nxd5 14.Nc3 Nxc3 15.Bxc3 d5
16.Qd2 Rc8 17.Rh3 Rc4 18.Kh1 h5 19.g4 hxg4 20.Rg3 Kg7 21.Rxg4 Rh8 22.Rag1 Rh5
23.Qd3 Qh8 24.R1g2 Qh6 25.Bd2 Rh3 26.R4g3 Rxg3 27.Rxg3 Qh5 28.Bc3 b5 29.a3 a6
30.Qd2 Qf5 31.Kg2 a5 32.b3 Rc8 33.Rd3 Bxa3 34.Bxa5 Qe4+ 35.Kf2 Bc1 36.Qe2 Qxf4+
37.Ke1 Qh4+ 38.Qf2 Qe4+ 39.Qe2 Qh4+ 40.Qf2 Qe4+ 41.Qe2 Bf4 42.Qxe4 dxe4 43.Rh3 Rc2
44.Bd8 g5 45.Bf6+ Kg6 46.Rh8 Rxh2 47.Rb8 e3  0-1